Fürst Bismarck's Briefe an seine Braut und Gattin. (Record no. 23951)
[ view plain ]
| 000 -LEADER | |
|---|---|
| fixed length control field | 00810cam a22002171 4500 |
| 001 - CONTROL NUMBER | |
| control field | g 01002337 |
| 003 - CONTROL NUMBER IDENTIFIER | |
| control field | DLC |
| 005 - DATE AND TIME OF LATEST TRANSACTION | |
| control field | 20260227111257.0 |
| 008 - FIXED-LENGTH DATA ELEMENTS--GENERAL INFORMATION | |
| fixed length control field | 751028s1900 gw ac 000 0bger |
| 010 ## - LIBRARY OF CONGRESS CONTROL NUMBER | |
| LC control number | g 01002337 |
| 035 ## - SYSTEM CONTROL NUMBER | |
| System control number | (OCoLC)1740073 |
| 040 ## - CATALOGING SOURCE | |
| Original cataloging agency | DLC |
| Transcribing agency | NBuU |
| Modifying agency | OCoLC |
| -- | DLC |
| 042 ## - AUTHENTICATION CODE | |
| Authentication code | premarc |
| 050 00 - LIBRARY OF CONGRESS CALL NUMBER | |
| Classification number | DD218 |
| Item number | .A24 1900 |
| 100 1# - MAIN ENTRY--PERSONAL NAME | |
| Personal name | Bismarck, Otto, |
| Titles and words associated with a name | Fürst von, |
| Dates associated with a name | 1815-1898. |
| 245 10 - TITLE STATEMENT | |
| Title | Fürst Bismarck's Briefe an seine Braut und Gattin. |
| Statement of responsibility, etc. | Hrsg. vom Fürsten Herbert Bismarck, mit einem Titelbild nach Franz von Lenbach und zehn weiteren Porträt-beilagen. |
| 260 ## - PUBLICATION, DISTRIBUTION, ETC. | |
| Place of publication, distribution, etc. | Stuttgart, |
| Name of publisher, distributor, etc. | Cotta, |
| Date of publication, distribution, etc. | 1900. |
| 300 ## - PHYSICAL DESCRIPTION | |
| Extent | xi, [1], 598 p. |
| Other physical details | front., ports., diagrs. |
| Dimensions | 24 cm. |
| 600 10 - SUBJECT ADDED ENTRY--PERSONAL NAME | |
| Personal name | Bismarck, Johanna, |
| Titles and other words associated with a name | Fürstin von, |
| Dates associated with a name | 1824-1894. |
| 700 1# - ADDED ENTRY--PERSONAL NAME | |
| Personal name | Bismarck, Herbert, |
| Titles and other words associated with a name | Fürst von, |
| Dates associated with a name | 1849-1904, |
| Relator term | ed. |
No items available.